Principles of genome analysis and genomics / (Record no. 233387)

000 -LEADER
fixed length control field 01205cam a22003014a 4500
001 - CONTROL NUMBER
control field 12758034
003 - CONTROL NUMBER IDENTIFIER
control field Nust
005 - DATE AND TIME OF LATEST TRANSACTION
control field 20170307123157.0
008 - FIXED-LENGTH DATA ELEMENTS--GENERAL INFORMATION
fixed length control field 020427s2003 maua b 001 0 eng
010 ## - LIBRARY OF CONGRESS CONTROL NUMBER
LC control number 2002070937
020 ## - INTERNATIONAL STANDARD BOOK NUMBER
International Standard Book Number 1405101202 (pbk. : alk. paper)
040 ## - CATALOGING SOURCE
Transcribing agency ASAB
042 ## - AUTHENTICATION CODE
Authentication code pcc
050 00 - LIBRARY OF CONGRESS CALL NUMBER
Classification number QH445.2
Item number .P75 2003
082 00 - DEWEY DECIMAL CLASSIFICATION NUMBER
Classification number 572.8/633
Edition number 21
100 1# - MAIN ENTRY--PERSONAL NAME
Personal name Primrose, S. B.
245 10 - TITLE STATEMENT
Title Principles of genome analysis and genomics /
Statement of responsibility, etc. Sandy B. Primrose, Richard M. Twyman.
250 ## - EDITION STATEMENT
Edition statement 3rd ed.
260 ## - PUBLICATION, DISTRIBUTION, ETC.
Place of publication, distribution, etc. Malden, Mass. :
Name of publisher, distributor, etc. Blackwell Pub.,
Date of publication, distribution, etc. 2003.
300 ## - PHYSICAL DESCRIPTION
Extent viii, 263 p. :
Other physical details ill. ;
Dimensions 24 cm.
504 ## - BIBLIOGRAPHY, ETC. NOTE
Bibliography, etc. note Includes bibliographical references (p. [230]-254) and index.
650 #0 - SUBJECT ADDED ENTRY--TOPICAL TERM
Topical term or geographic name entry element Gene mapping.
650 #0 - SUBJECT ADDED ENTRY--TOPICAL TERM
Topical term or geographic name entry element Nucleotide sequence.
650 #0 - SUBJECT ADDED ENTRY--TOPICAL TERM
Topical term or geographic name entry element Genomics.
700 1# - ADDED ENTRY--PERSONAL NAME
Personal name Twyman, Richard M.
856 42 - ELECTRONIC LOCATION AND ACCESS
Materials specified Book review (E-STREAMS)
Uniform Resource Identifier <a href="http://www.e-streams.com/es0607/es0607_2576.html">http://www.e-streams.com/es0607/es0607_2576.html</a>
906 ## - LOCAL DATA ELEMENT F, LDF (RLIN)
a 7
b cbc
c orignew
d 1
e ocip
f 20
g y-gencatlg
942 ## - ADDED ENTRY ELEMENTS (KOHA)
Source of classification or shelving scheme
Koha item type Book
Holdings
Withdrawn status Lost status Source of classification or shelving scheme Damaged status Not for loan Collection code Permanent Location Current Location Date acquired Total Checkouts Full call number Barcode Date last seen Date last checked out Price effective from Koha item type
            Atta-ur-Rahman School of Applied Biosciences (ASAB) Atta-ur-Rahman School of Applied Biosciences (ASAB) 03/07/2017 2 572.8 PRI ASAB3151 01/10/2025 12/05/2024 03/07/2017 Book
© 2023 Central Library, National University of Sciences and Technology. All Rights Reserved.